=LDR 00000nam 2200000 4500 =001 INLIS000000000057139 =005 20201203014341 =035 ##$$a 0010-1220000040 =007 ta =008 201203###########################0#ind## =020 ##$$a 978-602-02-4783-0 =082 ##$$a 899.221 3 =084 ##$$a 899.221 3 Hil b =245 1#$$a Biru Jingga /$c Hilma Triesnanda =300 ##$$a 258 halaman ; $c 20 Cm. =650 #4$$a Fiksi Indonesia =700 #$$a Editor : N Luky Andari =264 ##$$a Jakarta :$b Elex media komputindo,$c 2014 =336 ##$$a teks$2 rdacontent =337 ##$$a lain-lain$2 rdamedia =338 ##$$a lain-lain$2 rdacarrier =990 ##$$a 12751275